Europe: We're Surrounded! Quiz Stats

 Plays Quiz Updated Feb 14, 2017

Also try: Traveling Europe
Challenge
Share
Tweet
Embed
Score 0/31 Timer 05:00
24 Plays Today
Number of Borders Country % Correct
8???
84%
9???
81%
6???
64.8%
5???
64.3%
8???
63.2%
7???
61.8%
8???
60.1%
3???
56.4%
4???
51.1%
7???
50.4%
4???
48.9%
5???
48.8%
7???
46.1%
8???
44.9%
5???
43.7%
4???
43%
Number of Borders Country % Correct
5???
42.5%
5???
38.8%
5???
38.2%
3???
37.4%
4???
37.3%
4???
32.2%
5???
31.8%
4???
31.6%
3???
31.4%
4???
29.9%
4???
28.5%
5???
26.8%
3???
23%
3???
18.3%
Mine???
13.4%

You're not logged in!

Compare scores with friends on all Sporcle quizzes.
OR
Log In

You Might Also Like...

Show Comments

Extras

Top Quizzes Today


Score Distribution

Your Account Isn't Verified!

In order to create a playlist on Sporcle, you need to verify the email address you used during registration. Go to your Sporcle Settings to finish the process.

Report this User

Report this user for behavior that violates our Community Guidelines.

Details: